Not so funny when it happened: the best of travel humor and misadventure/ (Record no. 8063)

000 -LEADER
fixed length control field 00494nam a2200145 4500
008 - FIXED-LENGTH DATA ELEMENTS--GENERAL INFORMATION
fixed length control field 151009b xxu||||| |||| 00| 0 eng d
020 ## - INTERNATIONAL STANDARD BOOK NUMBER
International Standard Book Number 1885211554
050 ## - LIBRARY OF CONGRESS CALL NUMBER
Classification number SPE G 151.N68 2000
100 ## - MAIN ENTRY--PERSONAL NAME
Personal name Cahill, Tim.
Dates associated with a name 2000
245 ## - TITLE STATEMENT
Title Not so funny when it happened: the best of travel humor and misadventure/
Statement of responsibility, etc. Tim, Cahill.
260 ## - PUBLICATION, DISTRIBUTION, ETC. (IMPRINT)
Place of publication, distribution, etc. San Francicso:
Name of publisher, distributor, etc. Travelers' Tales,
Date of publication, distribution, etc. 2000.
300 ## - PHYSICAL DESCRIPTION
Extent 207 p.
650 ## - SUBJECT ADDED ENTRY--TOPICAL TERM
Topical term or geographic name as entry element English Fiction.
942 ## - ADDED ENTRY ELEMENTS (KOHA)
Source of classification or shelving scheme
Koha item type Short Loan Books
Classification part SPE G 151.N68 2000
Holdings
Withdrawn status Lost status Source of classification or shelving scheme Damaged status Not for loan Home library Current library Shelving location Date acquired Source of acquisition Total Checkouts Full call number Barcode Date last seen Date last checked out Price effective from Koha item type
          MACHAKOS UNIVERSITY LIBRARY MACHAKOS UNIVERSITY LIBRARY Special Collection 09/10/2015 Donation (B.F.A) 1 SPE G 151.N68 2000 12116 14/10/2024 25/03/2021 09/10/2015 Special Collection
© Machakos University Library, Along The Highway, Machakos Wote Rd, Machakos, Kenya P.O. Box 136 - 90100 Machakos - Kenya

Tel: ( +254 ) 723 805829 OR Fax : 044-20353 OR Email: library@mksu.ac.ke